Profesión de fe del vicario saboyano y otros escritos complementarios

Kaydedildi:
Detaylı Bibliyografya
Yazar: Rousseau, Jean Jacques (autor)
Materyal Türü: Kitap
Dil:İspanyolca
Baskı/Yayın Bilgisi: Madrid Trotta 2007
Edisyon:1a. ed
Seri Bilgileri:Clásicos de la Cultura, 35
Konular:
Etiketler: Etiketle
Etiket eklenmemiş, İlk siz ekleyin!

MARC

LEADER 00000cam a2200000 a 4500
001 UCE8933
003 CL-VaPUC
008 150911e20070000sp |||||||||||||||||spa|d
020 |a 9788481649048 
082 0 4 |a 200.1  |b ROU  |2 21 
100 |a Rousseau, Jean Jacques  |e autor  |9 255697 
245 1 0 |a Profesión de fe del vicario saboyano y otros escritos complementarios 
250 |a 1a. ed 
300 |a 221 p 
942 |c BK 
945 |d 20150911 12:29:00  |a dcastane 
260 |a Madrid  |b Trotta  |c 2007 
650 0 |a Filosofía de la religión   |9 256017 
650 0 |a Filosofía francesa   |9 255698 
650 0 |a Filósofos franceses  |9 314621 
583 |a last modification  |c 20150911 12:29:00  |k Rodrigo Vera 
490 0 |a Clásicos de la Cultura, 35 
999 |c 360695  |d 360693 
952 |0 0  |1 0  |3 erb  |4 0  |6 200_100000000000000_ROU_2007  |7 0  |8 A  |9 470583  |a BIBEDU  |b BIBEDU  |i 5198259  |o 200.1 ROU 2007  |p 5198259  |r 2019-11-23  |w 2019-11-23  |y BK  |z Catalogado en:20150911  |k FIL